[Event "AECE tournament"]
[Site "Paris"]
[Date "1989.10.??"]
[Round "1"]
[White "Pergericht, Daniel"]
[Black "Bolzoni, Victor-Angel"]
[Result "0-1"]
[WhiteElo "2270"]
[BlackElo "2325"]
[BlackTitle "FM"]
[Source "ChessBase"]
[EventDate "1989.10.17"]
[PlyCount "80"]

1. d4 b6 2. e4 Bb7 3. Bd3 e6 4. Nf3 c5 5. c3 Nf6 6. Nbd2 Nc6 7. a3 cxd4
8. cxd4 Be7 9. O-O h6 10. Re1 Qc7 11. b4 a5 12. b5 Nb8 13. Ra2 d6 14. Rc2 Qd8
15. Qe2 Nbd7 16. e5 dxe5 17. Nxe5 Nxe5 18. dxe5 Nd7 19. Be4 Rc8 20. Nc4 Bxe4
21. Qxe4 Rc5 22. Qg4 g6 23. a4 h5 24. Qe2 Rd5 25. Bb2 O-O 26. Ne3 Rc5 27. Rd2
Qc7 28. Ba3 Nxe5 29. Bxc5 Bxc5 30. h3 Qb7 31. Nc2 Nd7 32. Red1 Nf6 33. Qe5 Nd5
34. Nd4 Nc3 35. Nxe6 fxe6 36. Rd7 Ne2+ 37. Kh1 Ng3+ 38. Kh2 Nf1+ 39. Kh1 Ng3+
40. fxg3 Qxd7 0-1

[Event "AECE tournament"]
[Site "Paris"]
[Date "1989.10.??"]
[Round "2"]
[White "Hauchard, Arnaud"]
[Black "Pergericht, Daniel"]
[Result "1/2-1/2"]
[WhiteElo "2345"]
[BlackElo "2325"]
[BlackTitle "FM"]
[Source "ChessBase"]
[EventDate "1989.10.17"]
[PlyCount "42"]

1. d4 d5 2. c4 c6 3. Nf3 Nf6 4. Nc3 dxc4 5. a4 Bf5 6. Nh4 Bc8 7. Nf3 Bf5
8. Nh4 Bc8 9. Nf3 Bf5 10. Ne5 e6 11. f3 Bb4 12. e4 Bxe4 13. fxe4 Nxe4 14. Qf3
Qxd4 15. Qxf7+ Kd8 16. Bg5+ Nxg5 17. Qxg7 Bxc3+ 18. bxc3 Qxc3+ 19. Ke2 Qc2+
20. Ke1 Qc3+ 21. Ke2 Qc2+ 1/2-1/2

[Event "AECE tournament"]
[Site "Paris"]
[Date "1989.10.??"]
[Round "3"]
[White "Badii, Madjid"]
[Black "Bolzoni, Victor-Angel"]
[Result "1-0"]
[WhiteElo "2220"]
[BlackElo "2270"]
[Source "ChessBase"]
[EventDate "1989.10.17"]
[PlyCount "95"]

1. e4 c5 2. Nf3 e6 3. d4 cxd4 4. Nxd4 Nf6 5. Nc3 d6 6. Bc4 Be7 7. O-O Nc6
8. Bb3 O-O 9. Be3 a6 10. f4 Nxd4 11. Bxd4 Qc7 12. a4 Re8 13. Qf3 Kh8 14. f5 Bd7
15. Qh3 e5 16. Be3 Rf8 17. g4 Bc6 18. Qf3 b5 19. g5 Nxe4 20. Nd5 Bxd5 21. Bxd5
Nxg5 22. Bxg5 Bxg5 23. Bxa8 Qa7+ 24. Kh1 Rxa8 25. axb5 a5 26. Qc6 Rd8 27. c4
Be3 28. b4 Qd4 29. Rad1 Qh4 30. Rxd6 Rg8 31. Rd3 Bf4 32. Qg2 axb4 33. b6 Qf6
34. b7 Qxf5 35. Rfd1 h5 36. Rd8 Rxd8 37. Rxd8+ Kh7 38. Rd1 e4 39. Rd5 Qe6
40. Rxh5+ Kg8 41. Rh4 Qe5 42. Qa2 f5 43. c5+ Kf8 44. Rh8+ Ke7 45. b8=Q Qxb8
46. Rxb8 Bxb8 47. Qd5 Kf6 48. Qd8+ 1-0

[Event "AECE tournament"]
[Site "Paris"]
[Date "1989.10.??"]
[Round "3"]
[White "Pergericht, Daniel"]
[Black "Belkhodja, Slim"]
[Result "1/2-1/2"]
[WhiteElo "2325"]
[WhiteTitle "FM"]
[BlackElo "2395"]
[BlackTitle "IM"]
[Source "ChessBase"]
[EventDate "1989.10.17"]
[PlyCount "59"]

1. d4 Nf6 2. c4 d6 3. Nf3 g6 4. Nc3 Bg7 5. e4 O-O 6. Be2 e5 7. O-O Nbd7 8. Be3
exd4 9. Nxd4 Re8 10. Qc2 c6 11. Rfd1 Qe7 12. f3 Nc5 13. b4 Ne6 14. Nb3 Nh5
15. Rac1 f5 16. Qd2 Be5 17. Qe1 Nef4 18. Bf1 fxe4 19. Nxe4 Bf5 20. g3 Ne6
21. Bh6 Bxe4 22. Qxe4 Ng5 23. Qg4 Nf7 24. Bd2 Bb2 25. Rb1 Ne5 26. Qe4 Qf6
27. Bg2 Nf7 28. Qc2 Bd4+ 29. Nxd4 Qxd4+ 30. Kf1 1/2-1/2

[Event "AECE tournament"]
[Site "Paris"]
[Date "1989.10.??"]
[Round "4"]
[White "Bernard, Christophe"]
[Black "Bolzoni, Victor-Angel"]
[Result "1-0"]
[WhiteElo "2340"]
[WhiteTitle "FM"]
[BlackElo "2270"]
[Source "ChessBase"]
[EventDate "1989.10.17"]
[PlyCount "67"]

1. d4 Nf6 2. Nf3 g6 3. Bg5 Bg7 4. Nbd2 d5 5. e3 b6 6. c4 Ne4 7. Bf4 Nxd2
8. Qxd2 Bb7 9. Rc1 dxc4 10. Bxc4 c6 11. e4 O-O 12. Bh6 b5 13. Bd3 Re8 14. Bxg7
Kxg7 15. h4 h5 16. O-O Nd7 17. d5 cxd5 18. Bxb5 dxe4 19. Qxd7 Qxd7 20. Bxd7
Red8 21. Ne5 f6 22. Bc6 Bxc6 23. Nxc6 Rd7 24. Rfd1 Rb7 25. b3 a5 26. Rc4 Ra6
27. Nd8 Rb4 28. Rdd4 f5 29. Rc6 Rxd4 30. Ne6+ Kf7 31. Nxd4 Ra7 32. Rc4 e5
33. Nc6 Rb7 34. Nd8+ 1-0

[Event "AECE tournament"]
[Site "Paris"]
[Date "1989.10.??"]
[Round "4"]
[White "Plachetka, Jan"]
[Black "Pergericht, Daniel"]
[Result "1-0"]
[WhiteElo "2430"]
[WhiteTitle "GM"]
[BlackElo "2325"]
[BlackTitle "FM"]
[Source "ChessBase"]
[EventDate "1989.10.17"]
[PlyCount "117"]

1. d4 d5 2. c4 c6 3. Nf3 Nf6 4. Nc3 dxc4 5. a4 Bf5 6. Ne5 e6 7. g3 Bb4 8. Bg2
Be4 9. f3 Bg6 10. O-O O-O 11. e4 c5 12. Na2 Nc6 13. Nxc6 bxc6 14. Nxb4 cxb4
15. Be3 Qa5 16. Rc1 Nd5 17. exd5 cxd5 18. Bf4 Rfd8 19. g4 Rac8 20. h4 h5
21. Re1 Rc6 22. Re5 f6 23. Re3 Qb6 24. Kh2 c3 25. bxc3 b3 26. a5 Qb7 27. gxh5
Bf5 28. Re2 b2 29. Rb1 Bxb1 30. Qxb1 Qf7 31. Qxb2 Qxh5 32. Bg3 Re8 33. Re3 Re7
34. Bf1 a6 35. Qb4 Qe8 36. c4 Rd7 37. c5 Qc8 38. Qe1 Rb7 39. Bd6 Kf7 40. Bh3 f5
41. h5 Rb2+ 42. Re2 Qb7 43. Be5 Rc8 44. Rxb2 Qxb2+ 45. Kg1 Rh8 46. Qh4 Qd2
47. Bg2 Rh6 48. Kf1 Qd3+ 49. Kf2 Qd2+ 50. Kg1 g5 51. hxg6+ Kxg6 52. Qg3+ Kf7
53. Qg7+ Ke8 54. Qg8+ Ke7 55. Bd6+ Kf6 56. Qf8+ Kg6 57. Qe8+ Kg5 58. Be7+ Rf6
59. Qg8+ 1-0

[Event "AECE tournament"]
[Site "Paris"]
[Date "1989.10.??"]
[Round "5"]
[White "Bolzoni, Victor-Angel"]
[Black "Hauchard, Arnaud"]
[Result "0-1"]
[WhiteElo "2270"]
[BlackElo "2345"]
[Source "ChessBase"]
[EventDate "1989.10.17"]
[PlyCount "82"]

1. e4 Nf6 2. e5 Nd5 3. d4 d6 4. Nf3 g6 5. Bc4 Nb6 6. Bb3 Bg7 7. Bf4 O-O
8. exd6 cxd6 9. Nbd2 Nc6 10. c3 Bf5 11. O-O e5 12. Bg5 Qc7 13. Rc1 Rae8 14. Re1
h6 15. Be3 e4 16. d5 exf3 17. dxc6 fxg2 18. cxb7 Qxb7 19. Qf3 d5 20. Bc5 Rxe1+
21. Rxe1 Rd8 22. Bc2 Nd7 23. Bxf5 Nxc5 24. b4 Na4 25. Bc2 Nxc3 26. a3 Nb5
27. Qd3 Nd4 28. Bd1 Rc8 29. Kxg2 Ne6 30. Qg3 Rc3 31. Bf3 Nd4 32. Re3 Rxe3
33. fxe3 Nf5 34. Qf4 Bf6 35. Nf1 Bg5 36. Qe5 Nh4+ 37. Kg3 Qa6 38. Bxd5 Qxf1
39. Qe8+ Kg7 40. Qe5+ Bf6 41. Qe8 Nf5+ 0-1

[Event "AECE tournament"]
[Site "Paris"]
[Date "1989.10.??"]
[Round "6"]
[White "Belkhodja, Slim"]
[Black "Bolzoni, Victor-Angel"]
[Result "1-0"]
[WhiteElo "2395"]
[WhiteTitle "IM"]
[BlackElo "2270"]
[Source "ChessBase"]
[EventDate "1989.10.17"]
[PlyCount "71"]

1. e4 c5 2. Nf3 e6 3. d4 cxd4 4. Nxd4 Nf6 5. Nc3 d6 6. f4 Be7 7. Bd3 Nbd7
8. O-O a6 9. Kh1 Qc7 10. Nf3 e5 11. Nh4 b5 12. Nf5 Bf8 13. fxe5 dxe5 14. Bg5 b4
15. Nd5 Nxd5 16. exd5 Bb7 17. Be4 Qc4 18. Qf3 f6 19. Ne3 Qc5 20. Bh4 Qb6
21. Qh5+ g6 22. Bxg6+ hxg6 23. Qxg6+ Kd8 24. Rxf6 Nxf6 25. Bxf6+ Kc8 26. Qe8+
Kc7 27. Bxe5+ Bd6 28. Qe7+ Kc8 29. Qe6+ Kb8 30. Nc4 Qf2 31. Bxd6+ Ka7 32. Bc7
Rxh2+ 33. Bxh2 Rh8 34. Qe3+ Qxe3 35. Nxe3 Re8 36. Bf4 1-0

[Event "AECE tournament"]
[Site "Paris"]
[Date "1989.10.??"]
[Round "7"]
[White "Bolzoni, Victor-Angel"]
[Black "Plachetka, Jan"]
[Result "0-1"]
[WhiteElo "2270"]
[BlackElo "2430"]
[BlackTitle "GM"]
[Source "ChessBase"]
[EventDate "1989.10.17"]
[PlyCount "92"]

1. d4 Nf6 2. c4 e6 3. g3 d5 4. Nf3 dxc4 5. Bg2 Nc6 6. Qa4 Bd7 7. Qxc4 Na5
8. Qc2 Rc8 9. Nc3 c5 10. O-O b5 11. dxc5 Bxc5 12. a3 Nc4 13. Bg5 h6 14. Bxf6
Qxf6 15. Rac1 Qe7 16. Ne4 Bb6 17. Ne5 O-O 18. Nxc4 Rxc4 19. Qb3 f5 20. Nd2
Bxf2+ 21. Kh1 Rxc1 22. Rxc1 Bb6 23. Nf3 Qf6 24. Rd1 Rd8 25. e3 Kh7 26. Qc3 Qxc3
27. bxc3 Bc8 28. Rxd8 Bxd8 29. Bf1 Bb7 30. Kg2 a6 31. c4 bxc4 32. Bxc4 e5
33. Kf2 Bf6 34. Nd2 Be7 35. a4 Kg6 36. Be6 Kf6 37. Bd7 Bd5 38. Ke2 Bb4 39. Kd3
Bxd2 40. Kxd2 a5 41. Kd3 g5 42. Ke2 Be6 43. Bb5 Ke7 44. Bd3 Kd6 45. Kf2 Kc5
46. Bb5 Bd5 0-1

[Event "AECE tournament"]
[Site "Paris"]
[Date "1989.10.??"]
[Round "7"]
[White "Pergericht, Daniel"]
[Black "Bernard, Christophe"]
[Result "0-1"]
[WhiteElo "2325"]
[WhiteTitle "FM"]
[BlackElo "2340"]
[BlackTitle "FM"]
[Source "ChessBase"]
[EventDate "1989.10.17"]
[PlyCount "68"]

1. d4 Nf6 2. c4 g6 3. Nc3 Bg7 4. e4 d6 5. Nf3 O-O 6. Be2 e5 7. d5 Nbd7 8. Bg5
h6 9. Bh4 g5 10. Bg3 Nh5 11. h4 Nxg3 12. fxg3 g4 13. Nh2 f5 14. exf5 h5 15. O-O
Nc5 16. b4 e4 17. Rc1 Nd3 18. Bxd3 exd3 19. Qxd3 Qf6 20. Nb5 Bxf5 21. Rxf5 Qxf5
22. Qxf5 Rxf5 23. Nxc7 Rc8 24. Ne6 Rxd5 25. Nf1 Re5 26. Nf4 Bh6 27. Nd2 Bxf4
28. gxf4 Re2 29. Rd1 Kf7 30. Kf1 Re3 31. c5 Rd3 32. Ke2 Rd4 33. Rb1 Re8+
34. Kd1 Rd8 0-1

[Event "AECE tournament"]
[Site "Paris"]
[Date "1989.10.??"]
[Round "8"]
[White "Abravanel, Chely"]
[Black "Bolzoni, Victor-Angel"]
[Result "1-0"]
[WhiteElo "2265"]
[BlackElo "2270"]
[Source "ChessBase"]
[EventDate "1989.10.17"]
[PlyCount "94"]

1. g3 Nf6 2. Bg2 g6 3. e4 Bg7 4. Ne2 O-O 5. d4 d6 6. O-O c6 7. Nbc3 Na6 8. h3
Nc7 9. Be3 b5 10. a3 a5 11. Qd2 Bb7 12. g4 e5 13. Ng3 Ne6 14. d5 cxd5 15. exd5
Nd4 16. g5 Nd7 17. Bxd4 exd4 18. Nxb5 Qb6 19. a4 Ba6 20. Ne4 Bxb5 21. axb5 Rfc8
22. Rfe1 Be5 23. Kh1 Ra7 24. Ra2 Qc7 25. b3 Rb7 26. f4 Bg7 27. Qxa5 Qxa5
28. Rxa5 Rxc2 29. Nxd6 Rb8 30. Ra7 Rd8 31. Rd1 Bf8 32. Ne4 Nc5 33. Nf6+ Kg7
34. b4 Nb3 35. d6 Bxd6 36. Bd5 Rc7 37. b6 Re7 38. Bxb3 Bxb4 39. Rxe7 Bxe7
40. Nd5 Bc5 41. Rc1 Bd6 42. Kg2 d3 43. Kf3 Re8 44. Rd1 Rb8 45. Rxd3 Bc5 46. Bc4
Bxb6 47. Nxb6 Rxb6 1-0

[Event "AECE tournament"]
[Site "Paris"]
[Date "1989.10.??"]
[Round "8"]
[White "Pergericht, Daniel"]
[Black "Pira, Davoud"]
[Result "1/2-1/2"]
[WhiteElo "2325"]
[WhiteTitle "FM"]
[BlackElo "2330"]
[BlackTitle "FM"]
[Source "ChessBase"]
[EventDate "1989.10.17"]
[PlyCount "92"]

1. d4 Nf6 2. c4 e6 3. g3 Bb4+ 4. Bd2 a5 5. Bg2 d5 6. Nf3 O-O 7. Qc2 c6 8. O-O
Nbd7 9. a3 Be7 10. Nc3 dxc4 11. e4 b5 12. e5 Nd5 13. Ne4 c5 14. dxc5 Qc7
15. Bg5 Bxc5 16. Rfe1 Bb7 17. h4 f5 18. exf6 N5xf6 19. Bf4 Qb6 20. Neg5 Rae8
21. Rad1 Bd5 22. Nh2 h6 23. Rxd5 Bxf2+ 24. Qxf2 exd5 25. Rxe8 Rxe8 26. Qxb6
Nxb6 27. Ngf3 Re2 28. Be5 Na4 29. Kf1 Re3 30. Kf2 Rd3 31. Bh3 Ne4+ 32. Ke2 Kf7
33. Nf1 b4 34. axb4 axb4 35. h5 Rxf3 36. Kxf3 Ng5+ 37. Kg2 Nxh3 38. Kxh3 Nxb2
39. Bxb2 c3 40. Ba1 d4 41. Kg4 Ke6 42. Kf3 Kf5 43. Ke2 b3 44. Nd2 b2 45. Bxb2
cxb2 46. Kf3 Kg5 1/2-1/2

[Event "AECE tournament"]
[Site "Paris"]
[Date "1989.10.??"]
[Round "9"]
[White "Badii, Madjid"]
[Black "Pergericht, Daniel"]
[Result "1-0"]
[WhiteElo "2220"]
[BlackElo "2325"]
[BlackTitle "FM"]
[Source "ChessBase"]
[EventDate "1989.10.17"]
[PlyCount "101"]

1. e4 e5 2. Nf3 Nf6 3. Nxe5 d6 4. Nf3 Nxe4 5. d4 d5 6. Bd3 Bd6 7. O-O O-O
8. c4 c6 9. Re1 Bf5 10. Nc3 Nxc3 11. bxc3 Bxd3 12. Qxd3 dxc4 13. Qxc4 b5
14. Qd3 Nd7 15. Bg5 Qc7 16. Re4 Rfe8 17. Rh4 Nf8 18. Bd2 Ng6 19. Rh3 Qd7
20. Ng5 h6 21. Ne4 Bf4 22. Nc5 Qg4 23. Be3 Rad8 24. a4 Rd5 25. axb5 Rg5 26. Rg3
Bxg3 27. hxg3 Rxe3 28. Qxe3 cxb5 29. Qf3 Qxf3 30. gxf3 Nf4 31. Ne4 Rg6 32. Rxa7
f5 33. Ra8+ Kf7 34. Nd6+ Rxd6 35. gxf4 Rc6 36. Ra3 Ke6 37. Rb3 g6 38. Kf1 Kd5
39. Rxb5+ Kc4 40. Re5 h5 41. Kg2 Rc8 42. Kh3 Rc7 43. Kh4 Rc8 44. Kg5 Rc6
45. Ra5 Rd6 46. Rc5+ Kd3 47. d5 Ke2 48. c4 Kxf3 49. Rc6 Rd8 50. Rxg6 Rh8
51. Kxf5 1-0